SCP GoI Quiz - Statistics

General Stats
  • This quiz has been taken 180 times
  • The average score is 10 of 35
Answer Stats
Name of GoI % Correct
The Chaos Insurgency
86%
The Global Occult Coalition
79%
The Church Of The Broken God
72%
The Serpent's Hand
70%
Are We Cool Yet?
52%
Marshall, Carter and Dark
43%
Doctor Wondertainment
42%
Anderson Robotics
41%
Unusual Incidents Unit
41%
Gamers Against Weed
36%
Sarkic Cults
32%
The Factory
32%
"Nobody"
28%
GRU Division "P"
27%
Shark Punching Centre
25%
The Black Queen
25%
The Horizon Initiative
25%
The Fifth Church
23%
Prometheus Labs
20%
The Three Moons Initiative
18%
Manna Charitable Foundation
17%
The Chicago Spirit
17%
Wilson's Wildlife Solutions
17%
Alexylva University
16%
Deer College
16%
Church Of The Second Hytoth
15%
Arcadia
11%
Oneiroi Collective
10%
Herman Fuller's Circus Of The Disquieting
9%
Parawatch
9%
The Wandsmen
9%
Office For The Reclamation Of Islamic Artifacts
8%
Vikander-Kneed Technical Media
5%
Ambrose Resturants
3%
Imperial Japanese Anomalous Matters Examination Agency
2%
No matching quizzes found
Score Distribution
Percent of People with Each Score
Percentile by Number Answered
Your Score History
You have not taken this quiz